[Event "Santiago-ch sf"]
[Site "Santiago de Chile"]
[Date "2012.01.23"]
[Round "4.8"]
[White "Alvarez Guzman, Jorge"]
[Black "Perez Gormaz, Matias Ariel"]
[Result "0-1"]
[WhiteElo "2038"]
[BlackElo "2257"]
[PlyCount "82"]
[EventDate "2012.01.21"]
[EventType "swiss"]
[EventRounds "9"]
[EventCountry "CHI"]
[SourceTitle "EXT 2024"]
[Source "ChessBase"]
[SourceDate "2023.10.10"]
[SourceVersion "1"]
[SourceVersionDate "2023.10.10"]
[SourceQuality "1"]

1. e4 c5 2. c3 d5 3. exd5 Qxd5 4. d4 g6 5. Nf3 Bg7 6. Be2 cxd4 7. cxd4 Nf6 8. Nc3 Qd8 9. 0-0 0-0 10. Bf4 Nc6 11. a3 Nd5 12. Bg5 h6 13. Be3 Nxe3 14. fxe3 e6 15. Rc1 Bd7 16. Ne4 Ne7 17. Qb3 Bc6 18. Nc5 Nf5 19. Rfd1 Qb6 20. Qc3 Rfd8 21. b4 Rac8 22. g4 Ne7 23. Qe1 a6 24. Qf2 Be8 25. Nd2 Qa7 26. Ndb3 b6 27. Nxa6 Ba4 28. Rb1 Nd5 29. Rdc1 Rxc1+ 30. Nxc1 Nxe3 31. Kh1 Bc6+ 32. Kg1 Nxg4 33. Qg3 Bxd4+ 34. Kf1 Ne3+ 35. Ke1 Bc3+ 36. Kf2 Nf5 37. Qxc3 Be4 38. Rb2 Qe7 39. Qe5 Qh4+ 40. Kf1 Ne3+ 41. Kg1 Qe1+ 0-1

[Event "Santiago-ch sf"]
[Site "Santiago de Chile"]
[Date "2012.01.22"]
[Round "2.3"]
[White "Alvarez Guzman, Jorge"]
[Black "Cuevas Araya, Walter"]
[Result "1/2-1/2"]
[WhiteElo "2038"]
[BlackElo "2244"]
[PlyCount "125"]
[EventDate "2012.01.21"]
[EventType "swiss"]
[EventRounds "9"]
[EventCountry "CHI"]
[SourceTitle "EXT 2024"]
[Source "ChessBase"]
[SourceDate "2023.10.10"]
[SourceVersion "1"]
[SourceVersionDate "2023.10.10"]
[SourceQuality "1"]

1. e4 c6 2. d4 d5 3. Nc3 dxe4 4. Nxe4 Nd7 5. Nf3 Ngf6 6. Nxf6+ Nxf6 7. Ne5 Nd7 8. Nd3 g6 9. Be2 Bg7 10. c3 0-0 11. 0-0 e5 12. dxe5 Nxe5 13. Nxe5 Bxe5 14. Qxd8 Rxd8 15. Bg5 Re8 16. Bc4 Be6 17. Bxe6 Rxe6 18. Rad1 Rae8 19. Rd7 f6 20. Be3 R6e7 21. Rxe7 Rxe7 22. Bxa7 b6 23. Bxb6 Rb7 24. Bd4 Bxd4 25. cxd4 Rxb2 26. g3 Rxa2 27. Rc1 Ra6 28. Rc5 Kf7 29. d5 cxd5 30. Rxd5 Ke6 31. Rb5 h5 32. h4 Rd6 33. Kg2 Rd3 34. Ra5 Rd5 35. Ra3 g5 36. hxg5 fxg5 37. Ra8 g4 38. Rf8 Ke5 39. Re8+ Kd4 40. f3 Re5 41. Rd8+ Ke3 42. fxg4 hxg4 43. Rg8 Re4 44. Ra8 Rd4 45. Re8+ Re4 46. Ra8 Rc4 47. Re8+ Kd3 48. Rd8+ Rd4 49. Ra8 Ke2 50. Re8+ Kd1 51. Rg8 Rd2+ 52. Kf1 Rd4 53. Kf2 Kd2 54. Re8 Kd3 55. Ra8 Rd5 56. Ra4 Rd4 57. Ra8 Rd5 58. Ra4 Rd4 59. Ra8 Ke4 60. Re8+ Kd5 61. Ke3 Ra4 62. Rd8+ Ke6 63. Rd4 1/2-1/2